[Event "Lloyds Bank op"]
[Site "London"]
[Date "1994.??.??"]
[Round "10"]
[White "Wells, Peter K"]
[Black "Gurevich, Ilya"]
[Result "1-0"]
[WhiteElo "2490"]
[BlackElo "2570"]

1.d4 Nf6 2.c4 g6 3.Nc3 d5 4.cxd5 Nxd5 5.e4 Nxc3 6.bxc3 Bg7 7.Nf3 c5 8.Rb1 O-O
9.Be2 cxd4 10.cxd4 Qa5+ 11.Bd2 Qxa2 12.O-O Nd7 13.Bb4 a5 14.Bxe7 Re8 15.Ra1 Qe6
16.Ba3 Qxe4 17.Bc4 Qf5 18.Rb1 Nf8 19.Rb5 Qf4 20.g3 Qf6 21.Ne5 Ne6 22.f4 Qd8
23.d5 Nc7 24.Rb6 Bh3 25.d6 Bxe5 26.fxe5 Ne6 27.Rxb7 Ra7 28.Rfxf7 Rxb7 29.Rxb7 Qg5
30.Qe2 Rc8 31.Bxe6+ Bxe6 32.Rb1 h5 33.Rf1 h4 34.Qf2 hxg3 35.Qxg3 Qh5 36.Bc1 Rc2
37.Bg5 Bh3 38.d7 Bxd7 39.Qb3+ Kh8 40.Bf6+  1-0

[Event "EUCup Gr3"]
[Site "Lubniewice"]
[Date "1994.??.??"]
[Round "1"]
[White "Czerwonski, Aleksander"]
[Black "Salokangas, Hannu"]
[Result "1-0"]
[WhiteElo "2420"]
[BlackElo "2290"]

1.d4 Nf6 2.c4 g6 3.Nc3 d5 4.cxd5 Nxd5 5.e4 Nxc3 6.bxc3 Bg7 7.Bb5+ c6 8.Ba4 O-O
9.Ne2 c5 10.O-O cxd4 11.cxd4 Nc6 12.Be3 Qa5 13.Rc1 Rd8 14.d5 Ne5 15.Bb3 e6
16.Nd4 exd5 17.Bxd5 Rxd5 18.exd5 Qxd5 19.Nb5 Qxd1 20.Rfxd1 Bd7 21.Nxa7 Be6
22.Nb5 Bxa2 23.Ra1 Nc6 24.Nd4 Nxd4 25.Bxd4 Ra4 26.Bxg7 Kxg7 27.Rd2 Bb3 28.Rxa4 Bxa4
29.f3 Bb3 30.Kf2 b5 31.Rd6 Bc4 32.Rb6 h5 33.h4 Bd3 34.Ke3 Bf1 35.g3 Bc4 36.Ke4 Be2
37.f4 Bf1 38.Ke5 Be2 39.f5 gxf5 40.Kxf5 Bg4+ 41.Kg5 Be2 42.Rb7 Bg4 43.Rxb5 f6+
44.Kf4 Kg6 45.Ke4 Bd1 46.Kd5 Kf5 47.Rb4 Bf3+ 48.Kd6 Be4 49.Ke7 Ke5 50.Rb5+  1-0

[Event "SWZ-ch op"]
[Site "Luzern"]
[Date "1994.??.??"]
[Round "?"]
[White "Savchenko, Stanislav"]
[Black "Khenkin, Igor"]
[Result "1/2-1/2"]
[WhiteElo "2570"]
[BlackElo "2580"]

1.d4 Nf6 2.c4 g6 3.Nc3 d5 4.cxd5 Nxd5 5.e4 Nxc3 6.bxc3 Bg7 7.Nf3 c5 8.Rb1 O-O
9.Be2 Nc6 10.d5 Ne5 11.Nxe5 Bxe5 12.Qd2 b6 13.O-O Bg7 14.f4 e6 15.Bc4 Kh8
16.Ba3 exd5 17.Bxd5 Be6 18.c4 Bxd5 19.exd5 Bd4+ 20.Kh1 Qf6 21.f5 g5 22.Bb2 Bxb2
23.Qxb2 Qxb2 24.Rxb2 Rfe8 25.a4 Re4  1/2-1/2

[Event "EUCup f"]
[Site "Lyon"]
[Date "1994.??.??"]
[Round "?"]
[White "Vaisser, Anatoli"]
[Black "Mikhalevski, Victor"]
[Result "0-1"]
[WhiteElo "2575"]
[BlackElo "2530"]

1.d4 Nf6 2.c4 g6 3.Nc3 d5 4.cxd5 Nxd5 5.e4 Nxc3 6.bxc3 Bg7 7.Nf3 c5 8.Rb1 O-O
9.Be2 Nc6 10.d5 Ne5 11.Nxe5 Bxe5 12.Qd2 e6 13.f4 Bc7 14.O-O exd5 15.exd5 Ba5
16.d6 b6 17.Bf3 Bf5 18.Bxa8 Bxb1 19.Bd5 Bf5 20.Bb2 b5 21.g4 Bxg4 22.Qg2 Qxd6
23.c4 Bf5 24.Be5 Qe7 25.cxb5 c4 26.Kh1 Qc5 27.Be4 Bxe4 28.Qxe4 Bd2 29.Bd4 Qxb5
30.f5 c3 31.Rg1 Re8 32.Qg2 Qxf5 33.Qc6 Qe4+  0-1

[Event "Makarska"]
[Site "Makarska"]
[Date "1994.??.??"]
[Round "?"]
[White "Stone, Raymond"]
[Black "Sale, Srdjan"]
[Result "0-1"]
[WhiteElo "2355"]
[BlackElo "2405"]

1.d4 Nf6 2.c4 g6 3.Nc3 d5 4.cxd5 Nxd5 5.e4 Nxc3 6.bxc3 Bg7 7.Bc4 c5 8.Ne2 cxd4
9.cxd4 Nc6 10.Be3 Qa5+ 11.Bd2 Qa3 12.Rb1 O-O 13.O-O Qd6 14.d5 Ne5 15.Bb4 Qd8
16.Bb3 Bd7 17.Nd4 Rc8 18.Qd2 Nc4 19.Qd3 b5 20.Rfc1 a5 21.Be1 Na3 22.Rxc8 Qxc8
23.Rd1 Qc5 24.Nc2 Nxc2 25.Qxc2 Qxc2 26.Bxc2 Rc8 27.Bd3 b4 28.Bd2 e6 29.Rc1 Bc3
30.Be3 a4 31.Ba6 Rb8 32.h4 exd5 33.exd5 b3 34.axb3 axb3 35.Rxc3 b2  0-1

[Event "Mar del Plata op"]
[Site "Mar del Plata"]
[Date "1994.??.??"]
[Round "3"]
[White "Ruppel, Luiz B"]
[Black "Sanchez Almeyra, Jorge"]
[Result "0-1"]
[WhiteElo "2225"]
[BlackElo "2435"]

1.d4 Nf6 2.c4 g6 3.Nc3 d5 4.cxd5 Nxd5 5.e4 Nxc3 6.bxc3 Bg7 7.Bc4 c5 8.Ne2 Nc6
9.Be3 O-O 10.Rc1 cxd4 11.cxd4 Qa5+ 12.Kf1 Bg4 13.f3 Bd7 14.h4 Rfd8 15.h5 Be8
16.hxg6 hxg6 17.Bd2 Qb6 18.Qe1 Nxd4 19.Qh4 Nxe2 20.Kxe2 Rxd2+ 21.Kxd2 Rd8+
22.Bd5 Qd4+  0-1

[Event "Marbach"]
[Site "Marbach"]
[Date "1994.??.??"]
[Round "?"]
[White "Parulava, Temur"]
[Black "Pribyl, Josef"]
[Result "1/2-1/2"]
[WhiteElo "2300"]
[BlackElo "2395"]

1.d4 Nf6 2.c4 g6 3.Nc3 d5 4.cxd5 Nxd5 5.e4 Nxc3 6.bxc3 Bg7 7.Qa4+ Qd7 8.Qxd7+ Nxd7
9.Nf3 b6 10.Be3 Bb7 11.Nd2 O-O 12.Bb5 c6 13.Bd3 e5 14.Rc1 Rad8 15.Ke2 Rfe8
16.f3 Nf8 17.Bg5 Ra8 18.dxe5 Ne6 19.Be3 Bxe5 20.g3 Rad8 21.Bc4 Kg7 22.a4 Rd7
23.Rc2 h5 24.a5 Bc7 25.Rb1 b5 26.Bxe6 fxe6 27.Nb3 Rf7 28.Bxa7 h4 29.Bd4+ e5
30.Be3 hxg3 31.hxg3 Bc8 32.Ra1 Be6 33.Nd2 Bd6 34.Rb2 Ra8 35.a6 Bb8 36.c4 bxc4
37.Rc2 Bc8 38.a7 Bxa7 39.Rca2 c3 40.Rxa7  1/2-1/2

[Event "Wch U20 Girls"]
[Site "Matinhos"]
[Date "1994.??.??"]
[Round "?"]
[White "Sheldon, Ruth"]
[Black "Benderac, Ana"]
[Result "1-0"]
[WhiteElo "2095"]
[BlackElo "2125"]

1.d4 Nf6 2.c4 g6 3.Nc3 d5 4.cxd5 Nxd5 5.e4 Nxc3 6.bxc3 Bg7 7.Be3 c5 8.Qd2 O-O
9.Nf3 Qa5 10.Rc1 Nc6 11.d5 Ne5 12.Nxe5 Bxe5 13.Be2 Rd8 14.O-O Qc7 15.f4 Bg7
16.c4 b6 17.Rcd1 e5 18.f5 f6 19.h4 Rd6 20.Rf3 Kh8 21.Rdf1 gxf5 22.exf5 Bb7
23.g4 b5 24.Rg3 bxc4 25.Bxc4 Rad8 26.Rd1 R8d7 27.Qg2 Qd8 28.Bxc5 Bxd5 29.Bxd5 Rxd5
30.Rxd5 Rxd5 31.Be3 Rd1+ 32.Kh2 Bf8 33.g5 Bd6 34.Kh3 Qe8 35.gxf6 e4 36.Rg7 Rd3
37.Rxh7+  1-0

[Event "Minsk op"]
[Site "Minsk"]
[Date "1994.??.??"]
[Round "7"]
[White "Smirnov, Valerij"]
[Black "Daniliuk, Sergey"]
[Result "0-1"]
[WhiteElo "2305"]
[BlackElo "2440"]

1.d4 Nf6 2.c4 g6 3.Nc3 d5 4.cxd5 Nxd5 5.e4 Nxc3 6.bxc3 Bg7 7.Bb5+ c6 8.Ba4 b5
9.Bb3 b4 10.Qf3 O-O 11.Ne2 bxc3 12.O-O Ba6 13.Rd1 c5 14.dxc5 Qa5 15.Be3 Nc6
16.Nf4 c2 17.Bxc2 Bxa1 18.Rxa1 Qc3 19.Rc1 Nd4 20.Bxd4 Qxd4 21.Bb3 e6 22.h4 Rac8
23.c6 Bb5 24.c7 Qd6 25.Qg4 Rxc7 26.Rxc7 Qxc7 27.h5 Qc1+ 28.Kh2 Bc4 29.hxg6 fxg6
30.Nxg6 Qh6+ 31.Nh4+ Kh8 32.Bxc4 Rf4 33.Qxe6 Rxh4+ 34.Kg3 Qf4+  0-1

[Event "Mlada Boleslav op"]
[Site "Mlada Boleslav"]
[Date "1994.??.??"]
[Round "5"]
[White "Chibukhchian, Artur"]
[Black "Daniliuk, Sergey"]
[Result "1/2-1/2"]
[WhiteElo "2250"]
[BlackElo "2440"]

1.d4 Nf6 2.c4 g6 3.Nc3 d5 4.cxd5 Nxd5 5.e4 Nxc3 6.bxc3 Bg7 7.Nf3 c5 8.Rb1 O-O
9.Be2 cxd4 10.cxd4 Qa5+ 11.Bd2 Qxa2 12.O-O Nd7 13.Bb4 Nb6 14.Ne5 f6 15.Nc4 Nxc4
16.Ra1 Nb2 17.Rxa2 Nxd1 18.Bc4+ Kh8 19.Rxd1 Bd7 20.Bxe7 Rfe8 21.Bc5 b6 22.Bd6 a5
23.Bd5 Ra6 24.f4 b5 25.e5 a4 26.Rc1 fxe5 27.dxe5  1/2-1/2

[Event "Mondariz op"]
[Site "Mondariz"]
[Date "1994.??.??"]
[Round "?"]
[White "San Segundo, Pablo"]
[Black "Sion Castro, Marcelino"]
[Result "1/2-1/2"]
[WhiteElo "2485"]
[BlackElo "2380"]

1.d4 Nf6 2.c4 g6 3.Nc3 d5 4.cxd5 Nxd5 5.e4 Nxc3 6.bxc3 Bg7 7.Bb5+ c6 8.Ba4 a5
9.Bb3 a4 10.Bc2 Be6 11.Nf3 Qa5 12.Qd3 b5 13.Qe3 c5 14.O-O Bc4 15.Rd1 cxd4
16.cxd4 Nc6 17.Bd3 Bxd3 18.Rxd3 O-O 19.Bd2 Qa6 20.Rb1 Na5 21.Bb4 Nc4  1/2-1/2

[Event "Moravia-ch op"]
[Site "Moravia"]
[Date "1994.??.??"]
[Round "?"]
[White "Bazant, Petr Sr"]
[Black "Kalod, Radek"]
[Result "1-0"]
[WhiteElo "2285"]
[BlackElo "2250"]

1.d4 Nf6 2.c4 g6 3.Nc3 d5 4.cxd5 Nxd5 5.e4 Nxc3 6.bxc3 Bg7 7.Be3 c5 8.Qd2 Qa5
9.Rc1 cxd4 10.cxd4 Qxd2+ 11.Bxd2 O-O 12.Nf3 e6 13.Bb5 Nc6 14.Bxc6 bxc6 15.h4 Bb7
16.e5 Rfc8 17.Bb4 c5 18.Bxc5 Bxf3 19.gxf3 f6 20.exf6 Bxf6 21.Ke2 h5 22.Ke3 Kf7
23.Bd6 Ke8 24.Bg3 Rd8 25.Be5 Bxe5 26.dxe5 Rd5 27.Kf4 Kd7 28.Rhd1 Rf8+ 29.Ke4 Rc8
30.Rxc8 Rxd1 31.Rg8 Rh1 32.Rg7+ Ke8 33.Rxg6 Rxh4+ 34.f4 Kf7 35.Rf6+ Ke7 36.Rh6 a5
37.Rh7+ Ke8 38.a4 Rh2 39.f5 exf5+ 40.Kd5 Rxf2 41.Ke6 Kd8 42.Kf7 Re2 43.e6 f4
44.Rh8+ Kc7 45.e7 Kd6 46.e8=Q Rxe8 47.Kxe8 Kc5 48.Rf8  1-0

[Event "Moscow-ch"]
[Site "Moscow"]
[Date "1994.??.??"]
[Round "?"]
[White "Paronjan, Aleksandar"]
[Black "Notkin, Maksim"]
[Result "1/2-1/2"]
[WhiteElo "2355"]
[BlackElo "2465"]

1.d4 Nf6 2.c4 g6 3.Nc3 d5 4.cxd5 Nxd5 5.e4 Nxc3 6.bxc3 Bg7 7.Bb5+ c6 8.Ba4 a5
9.Ne2 b5 10.Bc2 O-O 11.O-O c5 12.a3 Ba6 13.Rb1 Nc6 14.Be3 cxd4 15.cxd4 b4
16.Bd3 bxa3 17.Bxa6 Rxa6 18.Qd3 Ra7 19.Qxa3 Nxd4 20.Nxd4 Bxd4 21.Rfd1 e5
22.Bxd4 exd4 23.Qc5 Rd7 24.Ra1 Re8 25.f3 Qf6 26.Rxa5 h5 27.Qg5 Qb6  1/2-1/2

[Event "Moscow op"]
[Site "Moscow"]
[Date "1994.??.??"]
[Round "3"]
[White "Mitenkov, Alexey"]
[Black "Brylev, Igor"]
[Result "0-1"]
[WhiteElo "2445"]
[BlackElo "2290"]

1.d4 Nf6 2.c4 g6 3.Nc3 d5 4.cxd5 Nxd5 5.e4 Nxc3 6.bxc3 Bg7 7.Be3 c5 8.Qd2 Nd7
9.Bc4 cxd4 10.cxd4 Nb6 11.Bb3 Bd7 12.a4 Rc8 13.Qd3 Qc7 14.Ne2 Nc4 15.O-O Nxe3
16.fxe3 O-O 17.Rac1 Qd8 18.Rxc8 Qxc8 19.e5 Qc6 20.Nc3 Bh6 21.h4 Be6 22.d5 Qb6
23.dxe6 Qxb3 24.exf7+ Rxf7 25.Rb1 Qe6 26.Rxb7 Qxe5 27.Ne4 a6 28.Ra7 Rf8 29.Rd7 Qa1+
30.Kh2 Qe1 31.Qc4+ Kh8 32.Qc3+ Qxc3 33.Nxc3 Bxe3 34.Rxe7 Bc5 35.Rd7 Rf4 36.g3 Rd4
37.Rc7 Bd6 38.Ra7 Rxh4+ 39.Kg2 Rg4 40.Ra8+ Kg7 41.Nd5 Rxg3+ 42.Kh1 Rg5 43.Ra7+ Kh6
44.Nf6 Rg1+ 45.Kxg1 Bc5+ 46.Kg2 Bxa7 47.a5 Bb8 48.Ne4 Bc7 49.Nc5 g5 50.Nxa6 Bd6
51.Kf3 Kg6 52.Ke4 h5 53.Kd5 g4 54.Nb4 g3 55.Kxd6 g2 56.a6 g1=Q  0-1

[Event "Moscow ol (Men)"]
[Site "Moscow"]
[Date "1994.??.??"]
[Round "4"]
[White "Sokolov, Ivan"]
[Black "Malisauskas, Vidmantas"]
[Result "1/2-1/2"]
[WhiteElo "2625"]
[BlackElo "2510"]

1.d4 Nf6 2.c4 g6 3.Nc3 d5 4.cxd5 Nxd5 5.e4 Nxc3 6.bxc3 Bg7 7.Bb5+ c6 8.Ba4 O-O
9.Ne2 b6 10.h4 e5 11.h5 exd4 12.hxg6 hxg6 13.cxd4 Ba6 14.Be3 Qe7 15.Bc2 Qb4+
16.Bd2 Qc4 17.e5 Rd8 18.Bb3 Qxe2+ 19.Qxe2 Bxe2 20.Kxe2 Rxd4 21.Be3 Rd8 22.Rad1 Na6
23.f4 Nc7 24.g4 Nd5 25.Bxd5 Rxd5 26.Rxd5 cxd5 27.Rc1 g5 28.Kd3 Re8 29.Rc7 gxf4
30.Bxf4 Bxe5 31.Bxe5 Rxe5 32.Rxa7 Re4 33.g5 Kg7 34.Rb7 Kg6 35.Rxb6+ Kxg5
36.Rd6 f5 37.Rxd5 Kg4 38.Rd8 Kf3 39.Ra8 f4 40.a4 Re5 41.a5 Kf2 42.Kd4 Rg5
43.a6 f3 44.a7 Ra5  1/2-1/2

[Event "Moscow ol (Men)"]
[Site "Moscow"]
[Date "1994.??.??"]
[Round "5"]
[White "Seirawan, Yasser"]
[Black "Leko, Peter"]
[Result "1/2-1/2"]
[WhiteElo "2585"]
[BlackElo "2555"]

1.d4 Nf6 2.c4 g6 3.Nc3 d5 4.cxd5 Nxd5 5.e4 Nxc3 6.bxc3 Bg7 7.Bc4 O-O 8.Ne2 b6
9.h4 Nc6 10.h5 Na5 11.Bd3 e5 12.hxg6 fxg6 13.Be3 Qe7 14.Rc1 c6 15.O-O Be6
16.f4 Nc4 17.Bxc4 Bxc4 18.fxe5 Rxf1+ 19.Qxf1 Rf8 20.Qe1 Qe6 21.Nf4 Qg4 22.Qd2 g5
23.Nh3 h6 24.Re1 Qh4 25.Bf2 Qh5 26.Bg3 Qg4 27.Kh2 Qh5 28.Kg1 Qg4  1/2-1/2

[Event "Moscow ol (Men)"]
[Site "Moscow"]
[Date "1994.??.??"]
[Round "6"]
[White "Nenashev, Alexander"]
[Black "Smejkal, Jan"]
[Result "1/2-1/2"]
[WhiteElo "2575"]
[BlackElo "2510"]

1.d4 Nf6 2.c4 g6 3.Nc3 d5 4.cxd5 Nxd5 5.e4 Nxc3 6.bxc3 Bg7 7.Bc4 O-O 8.Ne2 Nc6
9.Be3 e5 10.O-O Qe7 11.f3 Rd8 12.Rc1 exd4 13.cxd4 Nxd4 14.Nxd4 c5 15.Bxf7+ Kxf7
16.Qb3+ Kf8 17.Ne2  1/2-1/2

[Event "Moscow ol (Men)"]
[Site "Moscow"]
[Date "1994.??.??"]
[Round "6"]
[White "Dive, Russell John"]
[Black "Savva, Panikos"]
[Result "1-0"]
[WhiteElo "2315"]
[BlackElo "2210"]

1.d4 Nf6 2.c4 g6 3.Nc3 d5 4.cxd5 Nxd5 5.e4 Nxc3 6.bxc3 Bg7 7.Bc4 c5 8.Ne2 Nc6
9.Be3 O-O 10.Rc1 Qa5 11.O-O Rd8 12.Qb3 e6 13.d5 exd5 14.Bxd5 Rf8 15.f4 Ne7
16.c4 Re8 17.Ng3 Nc6 18.e5 Nd4 19.Bxd4 cxd4 20.Ne4 Be6 21.Nd6 Re7 22.Bxe6 fxe6
23.c5 Qc7 24.h4 h6 25.Rf3 Rf8 26.Qd3 g5 27.hxg5 hxg5 28.Qxd4 Qc6 29.f5 exf5
30.Nxf5 Rd7 31.Qc4+ Kh7 32.e6 Rd5 33.Rh3+  1-0

[Event "Moscow ol (Men)"]
[Site "Moscow"]
[Date "1994.??.??"]
[Round "6"]
[White "Watanabe, Akira"]
[Black "Carless, David"]
[Result "1-0"]
[WhiteElo "2315"]
[BlackElo "2265"]

1.d4 Nf6 2.c4 g6 3.Nc3 d5 4.cxd5 Nxd5 5.e4 Nxc3 6.bxc3 Bg7 7.Nf3 c5 8.Rb1 O-O
9.Be2 Nc6 10.d5 Ne5 11.Nxe5 Bxe5 12.Qd2 e6 13.f4 Bg7 14.c4 exd5 15.cxd5 Bd4
16.Bb2 Qe7 17.Bd3 Bf5 18.e5 Qh4+ 19.g3 Qd8 20.d6 Bxd3 21.Qxd3 Qa5+ 22.Kf1 Qxa2
23.Bxd4 cxd4 24.Qb3 Qa6+ 25.Kf2 Rac8 26.Rhc1 b5 27.Qd5 Rc4 28.Kg1 d3 29.Rxc4 bxc4
30.e6 fxe6 31.Qxe6+ Kg7 32.Qe7+ Rf7 33.Qe5+ Kh6 34.Qg5+ Kg7 35.Qe5+ Kh6 36.g4 Qa2
37.Qg5+ Kg7 38.Qe5+ Kh6 39.Rb2 Qa1+ 40.Kg2 Qd1 41.Kg3 d2 42.Rb1 Rf5 43.Rxd1 Rxe5
44.fxe5 c3 45.d7 c2 46.d8=Q cxd1=Q 47.Qf8+  1-0

[Event "Moscow ol (Men)"]
[Site "Moscow"]
[Date "1994.??.??"]
[Round "9"]
[White "Illescas Cordoba, Miguel"]
[Black "Ftacnik, Lubomir"]
[Result "1/2-1/2"]
[WhiteElo "2590"]
[BlackElo "2570"]

1.d4 Nf6 2.c4 g6 3.Nc3 d5 4.cxd5 Nxd5 5.e4 Nxc3 6.bxc3 Bg7 7.Nf3 c5 8.Bb5+ Bd7
9.Bxd7+ Qxd7 10.O-O cxd4 11.cxd4 Nc6 12.Be3 O-O 13.d5 Bxa1 14.Qxa1 Na5 15.Bh6 f6
16.Bxf8 Rxf8 17.Nd4 Rc8 18.Rc1 b6 19.h4 Nb7 20.Rxc8+ Qxc8 21.Nc6 Qd7 22.Qd4 e5
23.Qe3 Qg4 24.Nxa7 Nc5 25.f3 Qxh4 26.Nc8 Nd7 27.Nd6 h5 28.Qc3 Nc5 29.Nc4 g5
30.Ne3 g4 31.Nf5 Qg5 32.Qe3 gxf3 33.Qxg5+ fxg5 34.gxf3 Kf7 35.Kf2 Kf6 36.Nd6 Na4  1/2-1/2

[Event "Moscow op"]
[Site "Moscow"]
[Date "1994.??.??"]
[Round "9"]
[White "Nedobora, Mikhail"]
[Black "Krasenkova, Ilena"]
[Result "1-0"]
[WhiteElo "2460"]
[BlackElo "2230"]

1.d4 Nf6 2.c4 g6 3.Nc3 d5 4.cxd5 Nxd5 5.e4 Nxc3 6.bxc3 Bg7 7.Nf3 c5 8.Rb1 O-O
9.Be2 cxd4 10.cxd4 Qa5+ 11.Bd2 Qxa2 12.O-O Nd7 13.Bb4 a5 14.Ra1 Qe6 15.Qc2 Nf6
16.Ne5 b5 17.Rxa5 Rxa5 18.Bxa5 Bb7 19.Bd3 Rc8 20.Qb1 Nd7 21.Nf3 Ba6 22.Rd1 Qc6
23.h4 Bh6 24.Qb2 Bg7 25.Qe2 Nb6 26.d5 Qc5 27.Bxb6 Qxb6 28.e5 Rd8 29.d6 exd6
30.e6 d5 31.exf7+ Kxf7 32.h5 Bf6 33.Ne5+ Bxe5 34.Qxe5 Qd6 35.Qg5 Qf6 36.Qh6 Qg7
37.Qf4+ Kg8 38.hxg6 hxg6 39.Re1 Rf8 40.Qg5 Qf7 41.Re2 Qf6 42.Qxd5+ Kg7 43.Ra2 Rf7
44.Qc5 Rd7 45.Qe3 Re7 46.Qg3 Re1+ 47.Kh2 Re7 48.Bxg6 Qxg6 49.Qxg6+ Kxg6 50.Rxa6+ Kf5
51.Rb6 Re5 52.Kg3 Rc5 53.f3 Kg5 54.Rb8 Kf5 55.Kh4 Kg6 56.g4 Rc3 57.f4 Rc5
58.Rb6+ Kf7 59.f5 Kg7 60.Kg5 Kf7 61.Rb7+ Ke8 62.Kg6 Rc4 63.g5 b4 64.f6 Rf4
65.f7+  1-0

[Event "Moscow ol (Women)"]
[Site "Moscow"]
[Date "1994.??.??"]
[Round "11"]
[White "Flear, Christine"]
[Black "Licina, Anita"]
[Result "1/2-1/2"]
[WhiteElo "2175"]
[BlackElo "2195"]

1.d4 Nf6 2.c4 g6 3.Nc3 d5 4.cxd5 Nxd5 5.e4 Nxc3 6.bxc3 Bg7 7.Bb5+ c6 8.Ba4 O-O
9.Ne2 e5 10.O-O b5 11.Bb3 Re8 12.d5 Bb7 13.Qd3 cxd5 14.Bxd5 Bxd5 15.Rd1 a6
16.Qxd5 Qxd5 17.Rxd5 Nc6 18.Be3 Bf8 19.Rad1 f6 20.h3 Kf7 21.Bc5 Bxc5 22.Rxc5 Rac8
23.Rd6 Re6 24.Rd7+ Re7 25.Rd6 Re6 26.Rd7+ Re7 27.Rd6  1/2-1/2

[Event "Moscow ol (Men)"]
[Site "Moscow"]
[Date "1994.??.??"]
[Round "14"]
[White "Atalik, Suat"]
[Black "Ftacnik, Lubomir"]
[Result "1/2-1/2"]
[WhiteElo "2535"]
[BlackElo "2570"]

1.d4 Nf6 2.c4 g6 3.Nc3 d5 4.cxd5 Nxd5 5.e4 Nxc3 6.bxc3 Bg7 7.Bb5+ c6 8.Ba4 a5
9.Ne2 b5 10.Bc2 O-O 11.O-O Ba6 12.Be3 c5 13.dxc5 b4 14.Qxd8 Rxd8 15.Rfd1 Rc8
16.Bd3 Bxd3 17.Rxd3 Na6 18.Rad1 Nxc5 19.Bxc5 Rxc5 20.Rd8+ Rxd8 21.Rxd8+ Bf8
22.Rd3 e6 23.Kf1 Rc4 24.Rd4 Rc7 25.Rd3 Kg7 26.f4 Rc4 27.Rd4 Rc7 28.Rd3 Rb7
29.e5 bxc3 30.Nxc3 Rb4 31.g3 Rb2 32.h4 Bb4 33.Ne4 Rxa2 34.Rd8 a4 35.g4 Be7
36.Re8 Bxh4 37.g5 h6 38.Nf6 hxg5 39.Rg8+ Kh6 40.Rh8+ Kg7  1/2-1/2

[Event "New York MCC"]
[Site "New York"]
[Date "1994.??.??"]
[Round "1"]
[White "Bonin, Jay R"]
[Black "Gurevich, Ilya"]
[Result "1/2-1/2"]
[WhiteElo "2380"]
[BlackElo "2585"]

1.d4 Nf6 2.c4 g6 3.Nc3 d5 4.cxd5 Nxd5 5.e4 Nxc3 6.bxc3 Bg7 7.Bb5+ c6 8.Ba4 b5
9.Bb3 b4 10.Ne2 bxc3 11.Be3 O-O 12.Rc1 Nd7 13.O-O c5 14.Nxc3 Ba6 15.Re1 cxd4
16.Bxd4 Ne5 17.Bxe5 Bxe5 18.Qxd8 Rfxd8 19.Nd5 Kf8 20.Nc7 Bxc7 21.Rxc7 Rdc8
22.Rec1  1/2-1/2

[Event "NLD-sf"]
[Site "?"]
[Date "1994.??.??"]
[Round "1"]
[White "Van den Doel, Erik"]
[Black "Tondivar, Babak"]
[Result "1-0"]
[WhiteElo "2335"]
[BlackElo "2315"]

1.d4 Nf6 2.c4 g6 3.Nc3 d5 4.cxd5 Nxd5 5.e4 Nxc3 6.bxc3 Bg7 7.Bc4 c5 8.Ne2 O-O
9.O-O Nc6 10.Be3 Qc7 11.Rc1 Rd8 12.Bd3 e6 13.Bb1 b6 14.Qa4 Bd7 15.Qa3 Na5
16.Bd3 Bc6 17.Rfd1 cxd4 18.cxd4 Qb7 19.f3 Rac8 20.Bg5 Bf8 21.Qb2 Be7 22.Ba6 Bxg5
23.Bxb7 Bxc1 24.Qxc1 Bxb7 25.Qg5 Rd7 26.Nf4 Rcd8 27.Nh5 Rd6 28.e5  1-0

[Event "NLD-sf"]
[Site "?"]
[Date "1994.??.??"]
[Round "9"]
[White "Van Esch, B."]
[Black "Tondivar, Babak"]
[Result "0-1"]
[WhiteElo "2205"]
[BlackElo "2315"]

1.d4 Nf6 2.c4 g6 3.Nc3 d5 4.cxd5 Nxd5 5.e4 Nxc3 6.bxc3 Bg7 7.Bc4 c5 8.Ne2 O-O
9.O-O Nc6 10.Be3 Qc7 11.Rc1 Rd8 12.Qd2 a6 13.a4 e6 14.Bg5 Re8 15.e5 Na5 16.Ba2 b5
17.axb5 axb5 18.Ng3 Bb7 19.Bh6 Qe7 20.Rfe1 Rec8 21.Bxg7 Kxg7 22.Rb1 cxd4
23.cxd4 Bc6 24.Qe2 Nc4 25.Bb3 Qh4 26.Red1 Bd5 27.Nf1 Ra3 28.Bxc4 Bxc4 29.Qe1 Rd8
30.g3 Qh3 31.Ne3 Bd3 32.Qb4 Rda8 33.Rbc1 Be4 34.Rd2 Ra1 35.Rdd1 R8a3 36.Qe7 Rxe3
37.Qf6+ Kh6 38.Qf4+ g5 39.Qf6+ Kh5 40.Qxf7+ Bg6 41.Qb7 Ra2 42.Rc7 Kh6  0-1

[Event "NOR-chT"]
[Site "?"]
[Date "1994.??.??"]
[Round "3"]
[White "Fyllingen, Roy Harald"]
[Black "Myrvold, Torben"]
[Result "1-0"]
[WhiteElo "2330"]
[BlackElo "2305"]

1.d4 Nf6 2.c4 g6 3.Nc3 d5 4.cxd5 Nxd5 5.e4 Nxc3 6.bxc3 Bg7 7.Nf3 c5 8.Rb1 O-O
9.Be2 b6 10.O-O Bb7 11.Qd3 cxd4 12.cxd4 Qd7 13.Ba3 Rd8 14.d5 Na6 15.Qe3 Nc7
16.Rfc1 Rac8 17.Qf4 Nxd5 18.exd5 Bxd5 19.Rxc8 Rxc8 20.Ba6 Rd8 21.Rd1 h6 22.h4 e6
23.Ne5 Bxe5 24.Qxe5 Qa4 25.Bb2 Qxd1+ 26.Kh2 Kf8 27.Qh8+ Ke7 28.Bf6+ Kd6 29.Qxd8+ Kc5
30.Qe7+ Kc6  1-0

[Event "NOR-chT east"]
[Site "NOR"]
[Date "1994.??.??"]
[Round "4"]
[White "Elsness, Frode"]
[Black "Ostenstad, Berge"]
[Result "0-1"]
[WhiteElo "2280"]
[BlackElo "2475"]

1.d4 Nf6 2.c4 g6 3.Nc3 d5 4.cxd5 Nxd5 5.e4 Nxc3 6.bxc3 Bg7 7.Be3 c5 8.Qd2 Qa5
9.Nf3 Nc6 10.Rb1 a6 11.Rc1 cxd4 12.cxd4 Qxd2+ 13.Kxd2 e6 14.Bc4 O-O 15.Ke2 Na5
16.Bd3 Rd8 17.Rhd1 Nc6 18.Bc4 Bd7 19.d5 exd5 20.Rxd5 Nb4 21.Rd6 Nxa2 22.Rc2 Nc3+
23.Ke1 Nxe4 24.Rd3 Ba4 25.Ra2 b5 26.Bd5 Rxd5 27.Rxd5 Bb3 28.Rad2 Nxd2  0-1

[Event "NZD-chB"]
[Site "?"]
[Date "1994.??.??"]
[Round "?"]
[White "Noble, Mark Frederick"]
[Black "Stuart, Peter"]
[Result "1-0"]
[WhiteElo "2290"]
[BlackElo "2195"]

1.d4 Nf6 2.c4 g6 3.Nc3 d5 4.cxd5 Nxd5 5.e4 Nxc3 6.bxc3 Bg7 7.Nf3 c5 8.Rb1 O-O
9.Be2 cxd4 10.cxd4 Qa5+ 11.Bd2 Qxa2 12.O-O Bd7 13.Rxb7 Bc6 14.Rc7 Bxe4 15.Bc4 Qa3
16.Ng5 Qd6 17.Bxf7+ Kh8 18.Qg4 Bf5 19.Qh4 h5 20.Rfc1 Nd7 21.Be3 Nf6 22.Bb3 Qb4
23.Nf7+ Kh7 24.Ng5+ Kh8 25.Be6 Bb1 26.Nf7+ Kh7 27.Ng5+ Kh8 28.R7c4 Qb7 29.d5 Rab8
30.Rc7 Qb5 31.Rxe7 Nxd5 32.Rxg7 Kxg7 33.Qd4+ Rf6 34.Bxd5 Bf5 35.Rc7+ Bd7
36.Ne6+ Kf7 37.Rxd7+  1-0

[Event "Olot op"]
[Site "Olot"]
[Date "1994.??.??"]
[Round "?"]
[White "Rotstein, Arkadij"]
[Black "Luecke, Norbert"]
[Result "1-0"]
[WhiteElo "2505"]
[BlackElo "2410"]

1.d4 Nf6 2.c4 g6 3.Nc3 d5 4.cxd5 Nxd5 5.e4 Nxc3 6.bxc3 Bg7 7.Bb5+ c6 8.Ba4 O-O
9.Ne2 Nd7 10.O-O a5 11.Bb3 b5 12.a4 Nb6 13.Ba3 Ba6 14.Re1 b4 15.cxb4 Nc4
16.Bxc4 Bxc4 17.e5 f6 18.Rc1 Bf7 19.e6 Bxe6 20.Nf4 Bf7 21.b5 Qb8 22.Ne6 Bxe6
23.Rxe6 cxb5 24.Rxe7 Re8 25.Qb3+ Kh8 26.Qxb5 Qxb5 27.axb5 Kg8 28.Rxe8+ Rxe8
29.Bd6 Bh6 30.Rb1 Bf8 31.Bc7 a4 32.b6 a3 33.b7 Bb4 34.g3 Bc3 35.b8=Q  1-0

[Event "Olot op"]
[Site "Olot"]
[Date "1994.??.??"]
[Round "?"]
[White "Gomez Esteban, Juan Mario"]
[Black "Prieto, Ernesto"]
[Result "1-0"]
[WhiteElo "2465"]
[BlackElo "2250"]

1.d4 Nf6 2.c4 g6 3.Nc3 d5 4.cxd5 Nxd5 5.e4 Nxc3 6.bxc3 Bg7 7.Nf3 O-O 8.Be2 c5
9.Rb1 cxd4 10.cxd4 b6 11.O-O Bb7 12.d5 Nd7 13.Ba3 Rc8 14.Qa4 a6 15.Rfc1 b5
16.Qb4 Bh6 17.Rxc8 Qxc8 18.Nd4 Re8 19.Rb3 e5 20.Rc3 Qa8 21.Nc6 Bd2 22.Ne7+ Kh8
23.Bb2 Bxc3 24.Bxc3 a5 25.Qd6 Rxe7 26.Qxe7 Qc8 27.Bxa5 Kg7 28.g3 Qc1+ 29.Kg2 Bc8
30.a3 Qc2 31.Bf3 Qc4 32.Bb4 h6 33.h4 h5 34.Bd6 Qd4 35.Qd8 Qc4 36.Bc7  1-0

[Event "Ostrava"]
[Site "Ostrava"]
[Date "1994.??.??"]
[Round "10"]
[White "Danner, Georg"]
[Black "Ftacnik, Lubomir"]
[Result "0-1"]
[WhiteElo "2440"]
[BlackElo "2565"]

1.d4 Nf6 2.c4 g6 3.Nc3 d5 4.cxd5 Nxd5 5.e4 Nxc3 6.bxc3 Bg7 7.Bc4 O-O 8.Ne2 Nc6
9.Bg5 Qd7 10.O-O e5 11.d5 Na5 12.Bb3 b6 13.Qd3 Nb7 14.f3 Nc5 15.Qd2 a5 16.Bc4 Qa4
17.Bd3 Nxd3 18.Qxd3 Ba6 19.Qd2 f6 20.Be3 f5 21.exf5 gxf5 22.f4 Rae8 23.fxe5 Rxe5
24.Nf4 Bxf1 25.Rxf1 Qe4 26.Bd4 Rxd5 27.Nxd5 Qxd5 28.Qg5 Rf7 29.Re1 Qd7 30.h4 c5
31.Bxg7 Rxg7 32.Qf4 Rg4 33.Qb8+ Kf7 34.Qxb6 Qd5 35.Qc7+ Kg6 36.Qh2 f4 37.Qh3 Kh5
38.c4 Qd4+ 39.Kf1 Qxc4+ 40.Re2 h6 41.Qb3 Qxb3 42.axb3 Kxh4 43.Re6 h5 44.Rf6 Kg3
45.Rf5 h4 46.Rxc5 Kh2 47.Rxa5 Rxg2 48.Rf5 Rb2 49.Rxf4 Kg3 50.Rf8 Rb1+ 51.Ke2 h3
52.Rg8+ Kf4 53.Rf8+ Ke4 54.Re8+ Kd5 55.Rd8+ Kc6 56.Rh8 h2 57.Rh6+ Kb5 58.Rh5+ Kb4
59.Rh4+ Ka3 60.Ra4+ Kxb3  0-1

[Event "Pardubice op"]
[Site "Pardubice"]
[Date "1994.??.??"]
[Round "9"]
[White "Kiselev, Sergey"]
[Black "Krasenkow, Michal"]
[Result "1/2-1/2"]
[WhiteElo "2460"]
[BlackElo "2595"]

1.d4 Nf6 2.c4 g6 3.Nc3 d5 4.cxd5 Nxd5 5.e4 Nxc3 6.bxc3 Bg7 7.Bb5+ c6 8.Ba4 b5
9.Bc2 b4 10.Bb2 bxc3 11.Bxc3  1/2-1/2

[Event "Pardubice op"]
[Site "Pardubice"]
[Date "1994.??.??"]
[Round "9"]
[White "Panchenko, Alexander N"]
[Black "Stohl, Igor"]
[Result "1/2-1/2"]
[WhiteElo "2475"]
[BlackElo "2560"]

1.d4 Nf6 2.c4 g6 3.Nc3 d5 4.cxd5 Nxd5 5.e4 Nxc3 6.bxc3 Bg7 7.Bb5+ c6 8.Ba4 O-O
9.Ne2 e5 10.O-O Nd7 11.Be3 Qe7 12.Qc2 Nb6 13.Bb3 Be6 14.dxe5 Bxe5 15.f4 Bg7
16.Bd4 Rfe8 17.Ng3 Nd7 18.Qf2 a5 19.Bxe6 Qxe6 20.Bxg7 Kxg7 21.e5 f6 22.Rad1 Qe7
23.exf6+  1/2-1/2